Como resolver problemas : um aspecto novo do método matemático (Registo nº 199813)

Detalhes MARC
000 -Etiqueta do registo
Valores 00666nam 22002293 4500
010 ## - Número ISBN
ISBN 972-662-895-4
021 ## - Número do Depósito Legal
Código do país Portugal
Número 191895/2003
100 ## - Dados gerais de processamento
Dados gerais 20260109d u||y0pory50 ba
200 ## - Titulo e menção de responsabilidade
Título próprio Como resolver problemas : um aspecto novo do método matemático
Primeira menção de responsabilidade G. Polya
Outras menções de responsabilidade tradução Leonor Moreira
205 ## - Menção da edição
Edição
210 ## - Publicação
Local de publicação Lisboa
Nome do editor Gradiva
Data de publicação 2003
215 ## - Descrição física 
Paginação / Volumes 264, [4] p.
Outras indicações físicas brochado
Dimensões 21 cm
225 ## - Colecção 
Título próprio da colecção Ciência Aberta
Número de parte ou secção 125
606 ## - Nome comum usado como assunto
ID Autoridade 1432
Palavra de ordem Matemática
675 ## - CDU
Notação 51
Edição PT
Língua por
700 ## - Autor principal (pessoa individual)
ID Autoridade 15629
Apelido Polya
Nome G.
Datas 1887-1985
702 ## - Autor secundário (pessoa individual)
ID Autoridade 15592
Apelido Moreira
Nome Leonor
801 ## - Fonte de origem
País PT
Agência BMMN
Regras de catalogação RPC
830 ## - Notas gerais do catalogador
Criado por Vanda
990 ## - Elementos KOHA
Tipo de documento Livro
Exemplares
Situação do levantamento Biblioteca de origem Código de barras Cota Permissão de empréstimo Tipo de documento Forma de aquisição
  Biblioteca Municipal de Montemor-o-Novo 28831 51 POL|DEP   Livro Compra

Powered by Koha